000 00310nam a22001337a 4500
008 190129b xxu||||| |||| 00| 0 eng d
020 _a0155511041
041 _aeng
080 _23rd
_a821
100 _a21
101 _aGJL
245 _aLiterature Structure, Sound, and Sense
_cPerrine,L
942 _2udc
_cBK
999 _c53815
_d53815